000 01623cam a22004454a 4500
001 muse69524
003 MdBmJHUP
005 20210127151154.0
006 m o d
007 cr||||||||nn|n
008 070816s2008 mdu o 00 0 eng d
010 _z 2007033661
020 _a9781421427812
020 _z9780801888038 (hardcover : alk. paper)
020 _z0801888034 (hardcover : alk. paper)
020 _z9781421429229
035 _a(OCoLC)1048218796
040 _aMdBmJHUP
_cMdBmJHUP
043 _ae-fr---
050 0 4 _aHD9940.F8
_bS84 2008
082 0 _a338.4/7687082
_222
100 1 _aStewart, Mary Lynn,
_d1945-
245 1 0 _aDressing Modern Frenchwomen
_bMarketing Haute Couture, 1919-1939 /
_cMary Lynn Stewart.
264 1 _bJohns Hopkins University Press,
264 3 _bProject MUSE,
300 _a1 online resource (xvii, 305 p.) :
_bill. ;
504 _aIncludes bibliographical references (p. [233]-296) and index.
506 0 _aOpen Access
_fUnrestricted online access
_2star
588 _aDescription based on print version record.
650 0 _aFashion merchandising
_zFrance
_xHistory
_y20th century.
650 0 _aWomen's clothing industry
_zFrance
_xHistory
_y20th century.
655 7 _aElectronic books.
_2local
710 2 _aProject Muse.
_edistributor
830 0 _aBook collections on Project MUSE.
856 4 0 _zFull text available:
_uhttps://muse.jhu.edu/book/60338/
999 _c24880
_d24880